000 00329nam a2200133Ia 4500
008 191206s9999 xx 000 0 und d
020 _a0264662318 :
090 _aDT962.82.M87
245 0 _aRhodesian Black behind bars
260 _aMowbrays
260 _cc1974
300 _a"x, 150 p. ; 19 cm."
999 _c16813
_d16813